000 00600nam a2200265Ia 4500
005 20260306163836.0
008 008 260114s9999 xx 000 0 eng d
020 _a9781846315930
037 _aEBOOK
040 _aCRL
040 _beng
040 _cCRL
041 _2eng
041 _aeng
084 _qCRL
100 _aJones
245 4 _aThe Sociology Of Architecture
260 _bLiverpool University Press
260 _c2013
650 _aSocial Work
856 _uhttps://academic.oup.com/book/23542
942 _cEBOOK
999 _c1711711
_d1711711